El sistema sexo - género y la problemática femenina /
En el transcurso del tiempo, la mujer ha sufrido una discriminación por sexo, lo que le ha impedido su desarrollo pleno; tanto su rol de mujer como el sexual están predefinidos dentro de una estructura social que la condiciona o subordina y la somete a una situación de desigualdad de oportunidades e...
Spremljeno u:
| Glavni autor: | |
|---|---|
| Format: | Knjiga |
| Jezik: | Spanish |
| Teme: | |
| Oznake: |
Dodaj oznaku
Bez oznaka, Budi prvi tko označuje ovaj zapis!
|
MARC
| LEADER | 00000nam a22000007a 4500 | ||
|---|---|---|---|
| 003 | cru CIDCACS/IIS | ||
| 005 | 20210420114813.0 | ||
| 007 | ta | ||
| 008 | 170317s1989 cr ||||| |||| 00| 0 spa d | ||
| 040 | |c CRAI/IIS |a CRAI/IIS | ||
| 100 | 1 | |9 3404 |a Davis V., Enriqueta | |
| 245 | 1 | 3 | |a El sistema sexo - género y la problemática femenina / |c Enriqueta Davis V. |
| 300 | |a páginas 75-85 | ||
| 500 | |a Colección Centroamérica | ||
| 520 | |a En el transcurso del tiempo, la mujer ha sufrido una discriminación por sexo, lo que le ha impedido su desarrollo pleno; tanto su rol de mujer como el sexual están predefinidos dentro de una estructura social que la condiciona o subordina y la somete a una situación de desigualdad de oportunidades en el campo laboral, donde con su participación es víctima de una doble explotación laboral, al cargar con el trabajo doméstico y con el de su participación en el proceso económico. Ante esta realidad, las luchas de las mujeres deben dirigirse hacia "la orientación igualitaria en el sistema". VJ/JM | ||
| 650 | 1 | 0 | |9 2125 |a PARTICIPACIÓN SOCIAL |
| 650 | 4 | |9 1971 |a ROL DE LA MUJER | |
| 650 | 4 | |9 1968 |a DISCRIMINACION BASADA EN EL SEXO | |
| 650 | 4 | |9 3405 |a ROLES SEXUALES | |
| 650 | 1 | 0 | |9 421 |a DERECHOS DE LA MUJER |
| 650 | 4 | |9 1988 |a IGUALDAD DE OPORTUNIDADES | |
| 650 | 4 | |9 3406 |a DOBLE EMPLEO | |
| 651 | 1 | 0 | |9 308 |a CENTROAMERICA |
| 773 | 0 | |0 18875 |9 375 |a Universidad de Costa Rica. |d San José, Costa Rica Universidad de Costa Rica. Consejo Superior Universitario Centroamericano |o MFN0083 |t Estudios Sociales Centroamericanos / |x 03039676 | |
| 942 | |2 ddc |c PP | ||
| 999 | |c 19011 |d 19011 | ||
